| 000 | 00443nam a2200181 a 4500 | ||
|---|---|---|---|
| 001 | 1765171463991 | ||
| 003 | ACL | ||
| 005 | 20251208105917.0 | ||
| 008 | 251208s2009##################000#0#eng## | ||
| 020 | _a9788131305713 | ||
| 082 | 0 | 4 |
_a630.95412 _bSIN |
| 100 | 1 |
_aSingh, Sita Ram, _eauthor. |
|
| 245 | 1 | 0 | _aResearch Methodology in Agriculture : |
| 260 | _c2009. | ||
| 650 | 0 | _aAgriculture. | |
| 942 | _cENGLISH | ||
| 040 |
_aACL _beng _cACL |
||
| 999 |
_c601580 _d601580 |
||